[Event "25.Schlosspark-Open"]
[Site "Wiesbaden-Biebrich"]
[Date "2013.08.22"]
[Round "1.78"]
[White "Busch, Günther"]
[Black "Achtmann, Armin"]
[Result "0-1"]
[WhiteElo "1297"]
[BlackElo "1963"]
[PlyCount "76"]
[EventDate "2013.??.??"]
[WhiteTeam "FC 1934 Wiesbaden-Bierstadt"]
[BlackTeam "SAbt TuS Dotzheim"]

1. Nf3 d5 2. e3 g6 3. c4 Bg7 4. cxd5 Nf6 5. e4 O-O 6. Nc3 c6 7. d3 cxd5 8. e5
Ne8 9. d4 Nc6 10. Be2 f6 11. O-O e6 12. exf6 Nxf6 13. Ne5 Qb6 14. Nxc6 bxc6 15.
b3 Nd7 16. Be3 Ba6 17. Bxa6 Qxa6 18. Na4 c5 19. Rc1 cxd4 20. Bxd4 e5 21. Nc5
Qd6 22. Nxd7 Qxd7 23. Bb2 d4 24. Qd3 Rac8 25. f3 Bh6 26. Rc4 Qf5 27. Qxf5 gxf5
28. Bc1 Rxc4 29. bxc4 Bxc1 30. Rxc1 Kf7 31. Kf2 Ke6 32. Ke2 Rb8 33. Rc2 e4 34.
fxe4 fxe4 35. Ke1 d3 36. Rd2 Ke5 37. Kf2 Kd4 38. c5 e3+ 0-1

[Event "25.Schlosspark-Open"]
[Site "Wiesbaden-Biebrich"]
[Date "2013.08.22"]
[Round "1.79"]
[White "Schmid, Eugen"]
[Black "Mütsch, Annmarie"]
[Result "1/2-1/2"]
[WhiteElo "1959"]
[BlackElo "1277"]
[PlyCount "122"]
[EventDate "2013.??.??"]
[WhiteTeam "SV Herrenberg e.V."]
[BlackTeam "SF HN-Biberach 1978 e.V."]

1. d4 d5 2. Nf3 Nc6 3. Bf4 Nf6 4. e3 e6 5. Bd3 Bd7 6. O-O Bd6 7. c4 Bxf4 8.
exf4 O-O 9. Nc3 Bc8 10. c5 b6 11. Bb5 Bb7 12. Qa4 Ne7 13. b4 c6 14. Bd3 Qc7 15.
g3 b5 16. Qc2 g6 17. a4 a6 18. Ra2 Kg7 19. Rfa1 Rfb8 20. axb5 axb5 21. Ra7 Rxa7
22. Rxa7 Nc8 23. Ra3 Ra8 24. Qa2 Qb8 25. Ne5 Rxa3 26. Qxa3 Qa7 27. Qxa7 Nxa7
28. Kg2 Bc8 29. Kf3 Nd7 30. Ke3 f6 31. Nxd7 Bxd7 32. Be2 f5 33. Nb1 Kf6 34. Nd2
Nc8 35. Nf3 Na7 36. Ne5 Ke7 37. h4 Be8 38. Kf3 h5 39. Kg2 Kf6 40. Kf3 Nc8 41.
Ke3 Ne7 42. Kd3 Ng8 43. Kc3 Nh6 44. f3 Ke7 45. Nd3 Kf6 46. Nc1 Ke7 47. Nb3 Kd7
48. Kd3 Ke7 49. Ke3 Kd7 50. Nc1 Ke7 51. Na2 Kd7 52. Nc3 Ke7 53. Nd1 Kd7 54. Nf2
Ke7 55. Nd3 Kf6 56. Ne5 Ke7 57. Bd3 Kf6 58. Be2 Ke7 59. g4 Ng8 60. g5 Kd8 61.
Bd3 Ne7 1/2-1/2

[Event "25.Schlosspark-Open"]
[Site "Wiesbaden-Biebrich"]
[Date "2013.08.22"]
[Round "1.80"]
[White "Gerlach, Manuel"]
[Black "Rump, Andreas"]
[Result "0-1"]
[WhiteElo "1260"]
[BlackElo "1954"]
[PlyCount "82"]
[EventDate "2013.??.??"]
[WhiteTeam "SV Oberursel"]
[BlackTeam "SG Turm Idstein"]

1. d4 Nf6 2. c4 g6 3. Nc3 Bg7 4. Nf3 O-O 5. Bf4 d6 6. e3 Nbd7 7. Bd3 h6 8. O-O
Nh5 9. Bg3 Nxg3 10. fxg3 c6 11. Qe2 e6 12. Rae1 d5 13. cxd5 exd5 14. Nh4 Nf6
15. e4 dxe4 16. Nxe4 Qxd4+ 17. Kh1 Nxe4 18. Bxe4 Qxb2 19. Qd3 Be6 20. Rb1 Qxa2
21. Rfd1 c5 22. Bxb7 c4 23. Qd6 Rad8 24. Qxd8 Rxd8 25. Rxd8+ Kh7 26. Rbd1 c3
27. Be4 Qb2 28. Nxg6 fxg6 29. R8d6 c2 30. Rg1 c1=Q 31. Rxe6 Qxg1+ 32. Kxg1 Qa1+
33. Kf2 Qa2+ 34. Kf3 Qxe6 35. g4 Be5 36. g3 Qb3+ 37. Kg2 Qe3 38. Bf3 Bd4 39.
Kh3 Qxf3 40. Kh4 g5+ 41. Kh5 Qf7# 0-1

[Event "25.Schlosspark-Open"]
[Site "Wiesbaden-Biebrich"]
[Date "2013.08.22"]
[Round "1.81"]
[White "Braunberger, Gerald"]
[Black "Viol, Julius"]
[Result "1-0"]
[WhiteElo "1951"]
[BlackElo "1201"]
[PlyCount "51"]
[EventDate "2013.??.??"]
[WhiteTeam "SK Bad Homburg 1927"]
[BlackTeam "FC 1934 Wiesbaden-Bierstadt"]

1. c4 Nf6 2. Nf3 e6 3. g3 Nc6 4. Bg2 d5 5. b3 dxc4 6. bxc4 g6 7. Bb2 Bg7 8. O-O
O-O 9. d4 Qd7 10. Nc3 Rd8 11. e3 Qe8 12. Nb5 Rd7 13. Qe2 a6 14. Nc3 Rd8 15.
Rfd1 Ne7 16. e4 c6 17. e5 Nd7 18. Ne4 Nb6 19. Nf6+ Bxf6 20. exf6 Nf5 21. Ne5
Qf8 22. a4 a5 23. g4 Nh6 24. Ba3 Qe8 25. Qe3 Nxg4 26. Nxg4 1-0

[Event "25.Schlosspark-Open"]
[Site "Wiesbaden-Biebrich"]
[Date "2013.08.22"]
[Round "1.82"]
[White "Michel, Carsten"]
[Black "Haftmann, Rainer"]
[Result "0-1"]
[WhiteElo "1147"]
[BlackElo "1939"]
[PlyCount "96"]
[EventDate "2013.??.??"]
[WhiteTeam "SC Flörsheim 1921"]
[BlackTeam "SAbt SG 1945 Dietzenbach"]

1. d4 Nf6 2. c4 e6 3. Nc3 d5 4. cxd5 exd5 5. Bg5 Be7 6. Qc2 c6 7. e3 O-O 8. Bd3
Nbd7 9. Nge2 Re8 10. O-O Nf8 11. f3 Nh5 12. Bxe7 Qxe7 13. e4 dxe4 14. fxe4 Qg5
15. Kh1 Ng6 16. e5 Be6 17. Bxg6 hxg6 18. Ne4 Qh6 19. Nd6 Re7 20. Qc3 g5 21. Ng3
Nxg3+ 22. Qxg3 Kh7 23. Nf5 Bxf5 24. Rxf5 f6 25. Re1 Rd8 26. Qd3 Qg6 27. Qh3+
Kg8 28. Qg4 Qf7 29. Rf2 Qd5 30. e6 Qxd4 31. Qxd4 Rxd4 32. Rfe2 g6 33. g3 Kg7
34. Kg2 f5 35. h3 Kf6 36. Kf3 Rd6 37. a3 Rdxe6 38. Rxe6+ Rxe6 39. Rxe6+ Kxe6
40. Ke3 Kd5 41. Kd3 c5 42. a4 b6 43. b3 a6 44. Ke3 b5 45. a5 c4 46. b4 Ke5 47.
Ke2 Kd4 48. Kd2 c3+ 0-1

[Event "25.Schlosspark-Open"]
[Site "Wiesbaden-Biebrich"]
[Date "2013.08.22"]
[Round "1.83"]
[White "Beck, Michael"]
[Black "Gießelbach, Christian"]
[Result "1-0"]
[WhiteElo "1930"]
[BlackElo "1061"]
[PlyCount "79"]
[EventDate "2013.??.??"]
[WhiteTeam "SC Flörsheim 1921"]
[BlackTeam "SAbt TuS Dotzheim"]

1. Nf3 d5 2. c4 Nf6 3. g3 c6 4. Bg2 g6 5. Qa4 Bg7 6. cxd5 Nxd5 7. Nc3 O-O 8.
O-O Nd7 9. d4 N7f6 10. Qc2 Be6 11. e4 Nxc3 12. bxc3 Bc4 13. Re1 Qc7 14. Bf4 Qd8
15. Rab1 b6 16. Ne5 Be6 17. Nxc6 Qd7 18. Ne5 Qe8 19. d5 Bc8 20. Nd3 Nd7 21. Qd2
e5 22. Be3 Ba6 23. Nb4 Bb5 24. Bf1 Bxf1 25. Rxf1 Nf6 26. f3 Rd8 27. Nc6 Rd7 28.
Qd3 Qc8 29. Qb5 Rfd8 30. Nxd8 Rxd8 31. c4 Bf8 32. Rfd1 Ne8 33. c5 Bxc5 34. Bxc5
Qxc5+ 35. Qxc5 bxc5 36. Rdc1 Rc8 37. Rb7 a6 38. Ra7 Nd6 39. Rxa6 Nb7 40. Rc6
1-0

[Event "25.Schlosspark-Open"]
[Site "Wiesbaden-Biebrich"]
[Date "2013.08.22"]
[Round "1.84"]
[White "Jakesevic, Ivan"]
[Black "Lenz, Jonas"]
[Result "0-1"]
[WhiteElo "1007"]
[BlackElo "1930"]
[PlyCount "40"]
[EventDate "2013.??.??"]
[WhiteTeam "FC 1934 Wiesbaden-Bierstadt"]
[BlackTeam "SK Bad Homburg 1927"]

1. e3 Nf6 2. d3 e5 3. a3 d5 4. b3 c5 5. Bb2 Nc6 6. Nd2 Bd6 7. g3 Bg4 8. Ne2 Qd7
9. Bg2 Bh3 10. O-O h5 11. Nf3 O-O-O 12. Ng5 Bxg2 13. Kxg2 h4 14. Ng1 Rh5 15.
N5f3 Rdh8 16. gxh4 e4 17. Bxf6 exf3+ 18. Qxf3 gxf6 19. Qxf6 Rxh4 20. Kf3 Qg4#
0-1

[Event "25.Schlosspark-Open"]
[Site "Wiesbaden-Biebrich"]
[Date "2013.08.22"]
[Round "1.85"]
[White "Knödler, Marcel"]
[Black "Wilke, Jörg"]
[Result "0-1"]
[WhiteElo "929"]
[BlackElo "1926"]
[PlyCount "56"]
[EventDate "2013.??.??"]
[WhiteTeam "FC 1934 Wiesbaden-Bierstadt"]
[BlackTeam "SC Matt im Park Ffm"]

1. g3 d5 2. Bg2 Bf5 3. d3 e6 4. a3 Nf6 5. Bg5 h6 6. Bf4 Bd6 7. Bxd6 Qxd6 8. Nf3
Nbd7 9. d4 Ne4 10. O-O g5 11. e3 O-O-O 12. Nbd2 Bg4 13. Qc1 f5 14. c3 Rdg8 15.
c4 c6 16. c5 Qc7 17. b4 h5 18. Qb2 h4 19. Nxe4 fxe4 20. Ne5 Nxe5 21. dxe5 Qh7
22. f3 hxg3 23. Rfe1 Qxh2+ 24. Kf1 exf3 25. Bxf3 Qxb2 26. Be2 Bxe2+ 27. Kg2
Rh2+ 28. Kxg3 Qxe5# 0-1

[Event "25.Schlosspark-Open"]
[Site "Wiesbaden-Biebrich"]
[Date "2013.08.22"]
[Round "1.86"]
[White "Bajer, Renato"]
[Black "Klein, Simon"]
[Result "1-0"]
[WhiteElo "1923"]
[BlackElo "919"]
[PlyCount "45"]
[EventDate "2013.??.??"]
[WhiteTeam "SF 47 Neckartenzlingen"]
[BlackTeam "Sfr. Frankfurt 1921"]

1. e4 e5 2. Nf3 Nc6 3. d4 exd4 4. Bc4 Bc5 5. c3 dxc3 6. Bxf7+ Kxf7 7. Qd5+ Ke8
8. Qh5+ g6 9. Qxc5 Nf6 10. Nxc3 b6 11. Qc4 Bb7 12. O-O d6 13. Re1 Ne5 14. Nxe5
dxe5 15. Bg5 c5 16. Qe6+ Qe7 17. Qxf6 Qf8 18. Qxe5+ Kd7 19. Rad1+ Kc6 20. Qe6+
Kc7 21. Nb5+ Kb8 22. Qe5+ Kc8 23. Qc7# 1-0

[Event "25.Schlosspark-Open"]
[Site "Wiesbaden-Biebrich"]
[Date "2013.08.22"]
[Round "1.87"]
[White "Jahraus, Marlis"]
[Black "Berger, Ewald"]
[Result "0-1"]
[WhiteElo "799"]
[BlackElo "1923"]
[PlyCount "72"]
[EventDate "2013.??.??"]
[WhiteTeam "SC Untergrombach 46"]
[BlackTeam "vereinslos"]

1. e4 c5 2. Nf3 d6 3. Bb5+ Bd7 4. Bxd7+ Nxd7 5. O-O Ngf6 6. d3 g6 7. Re1 e5 8.
c3 Bg7 9. d4 O-O 10. Bg5 Qc7 11. Nbd2 b5 12. Rc1 Rfe8 13. Qe2 h6 14. Bxf6 Bxf6
15. d5 c4 16. b4 Nb6 17. Nf1 a5 18. Qd2 Kh7 19. Ne3 axb4 20. cxb4 Ra3 21. Ng4
Bg7 22. Rc3 Rea8 23. Rxa3 Rxa3 24. Re3 Qa7 25. Rxa3 Qxa3 26. Ne3 c3 27. Qc2
Qxb4 28. Nd1 Na4 29. Ne1 Bf6 30. Qb3 Qxe4 31. Kf1 Qd4 32. Ne3 Bg5 33. N1c2 Qd3+
34. Kg1 Nb2 35. Nf1 Nd1 36. Qb1 Qe2 0-1

[Event "25.Schlosspark-Open"]
[Site "Wiesbaden-Biebrich"]
[Date "2013.08.22"]
[Round "1.88"]
[White "Kannenberg, Carl-Friedrich"]
[Black "Viol, Lucius"]
[Result "1-0"]
[WhiteElo "1927"]
[BlackElo "957"]
[PlyCount "85"]
[EventDate "2013.??.??"]
[WhiteTeam "SAbt TuS Dotzheim"]
[BlackTeam "FC 1934 Wiesbaden-Bierstadt"]

1. e4 b6 2. Nc3 Bb7 3. d3 Nf6 4. Nf3 d6 5. Be2 e5 6. O-O Be7 7. h3 O-O 8. Bg5
Nbd7 9. Qd2 Re8 10. Rfe1 h6 11. Be3 c5 12. b3 a6 13. a4 Bc6 14. Red1 Nh7 15.
Nh2 Ndf6 16. f4 exf4 17. Bxf4 Nd7 18. Nf3 f6 19. Qe1 g5 20. Qg3 Ndf8 21. Nh4
Ne6 22. Be3 Bd7 23. Nf5 Ng7 24. Nxh6+ Kf8 25. Rf1 Ne6 26. Qf3 Kg7 27. Nf5+ Kf7
28. Qh5+ Kg8 29. Nh6+ Kg7 30. Bg4 Nef8 31. Bxd7 Qxd7 32. Nd5 Bd8 33. Rf2 Ne6
34. h4 Rf8 35. Raf1 Nf4 36. Bxf4 gxf4 37. Rxf4 Qe6 38. R1f3 Kh8 39. Rg4 Ra7 40.
Rfg3 Rd7 41. Nf4 Qe7 42. Rg8+ Rxg8 43. Rxg8# 1-0

[Event "25.Schlosspark-Open"]
[Site "Wiesbaden-Biebrich"]
[Date "2013.08.22"]
[Round "1.92"]
[White "Reinisch, Markus"]
[Black "Weiland, Thomas"]
[Result "0-1"]
[WhiteElo "1040"]
[BlackElo "1997"]
[PlyCount "150"]
[EventDate "2013.??.??"]
[WhiteTeam "Wiesbadener SV 1885"]
[BlackTeam "SV Oberursel"]

1. e4 d5 2. exd5 Nf6 3. d4 Nxd5 4. Nf3 Bg4 5. Bc4 e6 6. Bxd5 exd5 7. O-O Be7 8.
Re1 O-O 9. Nc3 Nc6 10. Be3 Bb4 11. h3 Bh5 12. g4 Bg6 13. a3 Bxc3 14. bxc3 f5
15. Bg5 Qd7 16. Ne5 Nxe5 17. Rxe5 Rae8 18. f4 h6 19. Bh4 fxg4 20. Qxg4 Qxg4+
21. hxg4 Rxf4 22. Rxe8+ Bxe8 23. Bg3 Rxg4 24. Kf2 c6 25. Be5 Bg6 26. Kf3 Rg5
27. Re1 Bxc2 28. Bf4 Be4+ 29. Ke3 Rg2 30. Bd6 Rc2 31. Bb4 b6 32. Rf1 a5 33.
Rf8+ Kh7 34. Bd6 Rxc3+ 35. Ke2 Rc2+ 36. Kd1 c5 37. dxc5 bxc5 38. Rf4 Rc4 39.
Rf7 Kg6 40. Ra7 a4 41. Be5 Bc2+ 42. Kd2 Be4 43. Bxg7 d4 44. Bf8 Rc2+ 45. Kd1 d3
46. Ra6+ Kf5 47. Bxh6 Bf3+ 48. Ke1 Re2+ 49. Kf1 d2 50. Bxd2 Rxd2 51. Rxa4 Ra2
52. Ra5 Rc2 53. Ke1 Kf4 54. Ra7 Ke3 55. Re7+ Be4 56. Kd1 Ra2 57. Kc1 c4 58. Rc7
Kd4 59. Rd7+ Kc3 60. Kd1 Rxa3 61. Rg7 Bd3 62. Ke1 Ra1+ 63. Kf2 Kd2 64. Kf3 c3
65. Rg2+ Kc1 66. Ke3 Bc2 67. Kd4 Kb2 68. Kc4 Ra4+ 69. Kb5 Rh4 70. Kc5 Kb3 71.
Rg3 Bd1 72. Kb5 Rh5+ 73. Kb6 Kb4 74. Rd3 Rh6+ 75. Kc7 c2 0-1